Statistics for Countries of Americas

Click here to take the quiz!

General Stats

  • This quiz has been taken 20 times
  • The average score is 17 of 45

Answer Stats

QuestionTileSelect% Correct
Pick a country in South America.Yes
85%
Pick a country in South America.Yes
69%
Pick a country in AmericasYes
62%
Pick a country in AmericasNo
62%
Pick a country in AmericasNo
54%
Pick a country in AmericasYes
54%
Pick a country in South America.No
46%
Pick a country in AmericasNo
46%
Pick a country in South America.No
46%
Pick a country in AmericasNo
46%
Pick a country in AmericasNo
46%
Pick a country in AmericasNo
46%
Pick a country in South America.No
46%
Pick a country in South America.Yes
38%
Pick a country in South America.No
38%
Pick a country in South America.No
38%
Pick a country in South America.No
38%
Pick a country in South America.No
38%
Pick a country in AmericasNo
38%
Pick a country in AmericasNo
38%
Pick a country in AmericasNo
38%
Pick a country in AmericasNo
38%
Pick a country in AmericasNo
38%
Pick a country in AmericasNo
38%
Pick a country in AmericasNo
38%
Pick a country in South America.No
38%
Pick a country in AmericasNo
38%
Pick a country in AmericasNo
38%
Pick a country in South America.No
38%
Pick a country in South America.No
31%
Pick a country in South America.No
31%
Pick a country in South America.No
31%
Pick a country in South America.No
31%
Pick a country in AmericasNo
31%
Pick a country in South America.No
31%
Pick a country in AmericasNo
31%
Pick a country in AmericasNo
31%
Pick a country in AmericasNo
31%
Pick a country in AmericasYes
31%
Pick a country in AmericasNo
23%
Pick a country in AmericasNo
23%
Pick a country in AmericasNo
23%
Pick a country in AmericasNo
15%
Pick a country in AmericasNo
15%
Pick a country in South America.No
0%

Score Distribution

Percentile by Number Answered

Percent of People with Each Score

Your Score History

You have not taken this quiz